Statistiques de la dette extérieure 1999-2000 <la> dette des pays en développement et des pays en transition

Na minha lista:
Detalhes bibliográficos
Formato: Livro
Idioma:francês
Publicado em: Paris OECD 2001
Colecção:Statistiques
Assuntos:
Tags: Adicionar Tag
Sem tags, seja o primeiro a adicionar uma tag!

MARC

LEADER 00000nam a2200000 4500
001 c130918
005 20221124103856.1
020 |a 92-64-29692-1 
041 0 |a fre 
044 |a FR 
245 1 0 |a Statistiques de la dette extérieure 1999-2000  |b <la> dette des pays en développement et des pays en transition 
264 1 |a Paris  |b OECD  |c 2001 
300 |a 30 s. 
490 1 |a Statistiques 
830 0 |a Statistiques 
610 2 0 |a zadlženosť zahraničná 
610 2 0 |a dlhy 
610 2 0 |a financie 
610 2 0 |a krajiny rozvojové